Nerovnováhy v platebním systému TARGET2 - vznik, příčiny a řešení

Nerovnováhy v systéme TARGET – základná literatúra a proces vzniku. Pozícia v systéme TARGET – príčiny vzniku. Návrhy riešení nerovnováh v systéme TARGET.

Salvato in:
Dettagli Bibliografici
Autore principale: Knotek, Pavel
Natura: Capitolo di libro
Lingua:ceco
Soggetti:
Tags: Aggiungi Tag
Nessun Tag, puoi essere il primo ad aggiungerne!!

MARC

LEADER 00000naa a2200000 4500
001 0238629
005 20221019172628.2
041 0 |a cze 
044 |a CZ 
245 1 0 |a Nerovnováhy v platebním systému TARGET2 - vznik, příčiny a řešení  |c Pavel Knotek 
520 |a Nerovnováhy v systéme TARGET – základná literatúra a proces vzniku. Pozícia v systéme TARGET – príčiny vzniku. Návrhy riešení nerovnováh v systéme TARGET. 
610 2 0 |a systémy platobné 
610 2 0 |a Európska menová únia 
610 2 0 |a nestabilita finančná 
610 2 0 |a banky 
100 1 |a Knotek, Pavel